| 000 | 00578nam a22002057a 4500 | ||
|---|---|---|---|
| 942 | _cBK | ||
| 999 |
_c614 _d614 |
||
| 005 | 20250420134818.0 | ||
| 008 | 200813b ||||| |||| 00| 0 eng d | ||
| 020 | _a9789332549449 | ||
| 040 |
_aKCST _cKCST |
||
| 082 |
_a005.133 _bKe Cp |
||
| 100 |
_aKernighan, Brian W. _91090 |
||
| 245 |
_aThe C programming language / _cBrian W Kernighan; Dennis M Ritchie |
||
| 250 | _a2nd edition | ||
| 260 |
_aNoida: _bPearson, _c2015. |
||
| 300 | _a272 p. | ||
| 650 |
_aC (Computer program language) _9657 |
||
| 700 |
_aRitchie, Dennis M. _d1941-2011 _95083 |
||
| 942 | _2ddc | ||